Quiz sulla Pasqua - Statistics

Statistiche generali
  • Questo quiz è stato fatto 857 volte
  • Il punteggio medio è 16 su 20
Statistiche sulle risposte
Definizioni Risposte % Corretto
La Domenica che precede la Pasqua Domenica delle {Palme}
96%
Nome con cui è ricordato l'ultimo momento di Gesù insieme ai suoi apostoli Ultima {Cena}
96%
Persona che tradì Gesù per denaro Giuda Iscariota
94%
L'intera settimana che precede la Pasqua Settimana {Santa}
94%
Rito che si compie durante il Venerdì Santo Via {Crucis}
92%
Il giorno in cui inizia questo periodo Mercoledì delle {Ceneri}
89%
I 40 giorni che precedono la Pasqua Quaresima
89%
La corona di Gesù era composta da queste cose Spine
88%
Il giorno precedente a questo Martedì {Grasso}
86%
Prefetto romano che autorizzò la crocifissione di Gesù Ponzio Pilato
81%
Persona che trovò la tomba di Gesù vuota Maria Maddalena
80%
Persona che rinnegò Gesù tre volte Pietro
76%
Gesto che compie Gesù prima di questo momento {Lavanda} dei piedi
74%
Altra frase che Gesù disse: "Dio mio, Dio mio perché mi hai ________"? Abbandonato
71%
Persona che fu rilasciata per volere del popolo al posto di Gesù Barabba
68%
La prima cosa che disse Gesù sulla croce: "Padre, _______ ____, perché non sanno quello che fanno" Perdona loro
66%
Persona che dubitò della resurrezione di Gesù Tommaso
64%
Luogo in cui Gesù fu arrestato Giardino degli {ulivi}
62%
Nome che rappresenta le drammatiche sofferenze di Gesù La {Passione}
55%
Collina dove fu crocifisso Gesù Calvario
49%
Nessun quiz corrispondente trovato
Distribuzione punteggi
Percentuale di utenti per punteggio
Percentile per numero di risposta
I tuoi punteggi nel tempo
Non hai fatto questo quiz